| 000 | 00326nam a22001217a 4500 | ||
|---|---|---|---|
| 082 | _a629.8323 THE | ||
| 100 |
_aJAMES, HUBERT.M NICHOLS, NATHANIEL.B PHILLIPS, RALPH.S _979662 |
||
| 245 | _aTHEORY OF SERVOMECHANISM | ||
| 260 |
_aNEWYORK _bMCGRAW HILL _c1948 |
||
| 300 | _a374P | ||
| 650 |
_aSERVOMECHANISM _979663 |
||
| 942 | _cBK | ||
| 999 |
_c584678 _d584678 |
||